Normal view
MARC view
- Marlowe , Christopher 1564-1593 . Doctor Faustus
Entry Topical Term
001 - CONTROL NUMBER
- control field: 5563
003 - CONTROL NUMBER IDENTIFIER
- control field: JO-AjAnu
005 - DATE AND TIME OF LATEST TRANSACTION
- control field: 20230606071214.0
008 - FIXED-LENGTH DATA ELEMENTS
- fixed length control field: 230606|| aca||aabn | a|a d
040 ## - CATALOGING SOURCE
- Original cataloging agency: JO-AjAnu
- Transcribing agency: JO-AjAnu
150 ## - HEADING--TOPICAL TERM
- Topical term or geographic name entry element: Marlowe , Christopher 1564-1593 . Doctor Faustus
670 ## - SOURCE DATA FOUND
- Source citation: Work cat.: (JO-AjAnu)2876: Gill, Roma(editor), author 5562, Doctor Faustus: Christopher Marlowe